000 01191cam a2200325 a 4500
999 _c129718
_d129718
001 3751557
005 20190819101454.0
008 821213r1983 ctua j d 001 0 eng
010 _a 82019610
040 _aDLC
_cDLC
_dDLC
050 0 0 _aT9
_b.H74 1983
082 0 0 _a603/.21
_219
130 0 _aHow it works.
_947845
245 1 4 _aThe illustrated science and invention encyclopedia.
250 _aInternational ed.
260 _aWestport, Conn. :
_bH.S. Stuttman,
_cc1983.
300 _a24 v. :
_bill. (some col.) ;
_c26 cm.
500 _a"Previously published in parts in the United Kingdom under the title: How it works."
500 _aVol. 21 has subtitle: Historic inventions.
500 _aAt head of title: How it works.
500 _a"Reference edition distributed by Marshall Cavendish Corporation, New York and London."
500 _aIncludes indexes.
650 0 _aTechnology
_xDictionaries.
_947846
650 0 _aScience
_xDictionaries.
_947847
650 0 _aTechnology
_xDictionaries, Juvenile.
_947848
650 0 _aScience
_xDictionaries, Juvenile.
_947849
740 0 _aHow it works.
906 _a7
_bcbc
_corignew
_d1
_eocip
_f19
_gy-gencatlg
942 _2lcc
_cMONOGRAPH